Restauració i millora forestal : treballs forestals per a la prevenció d'incendis forestals i la recuperació del bosc treballs forestals per a la prevenció d'incendis forestals i la recuperació del bosc
Descripción Física:
27 pàgines : il·lustracions ; 21 cm
Materias:
Repoblació forestal -- Barcelona (Catalunya : Província)
; Incendis forestals -- Prevenció i control
Idioma:
Catalán
MARC
| LEADER | 00000nam a2200000 a 4500 | ||
|---|---|---|---|
| 001 | 25614 | ||
| 008 | 220524b spa||||| |||| 00| 0 cat d | ||
| 017 | |a DL B 18364-2017 | ||
| 080 | |a FU-69-61 | ||
| 245 | 0 | 0 | |a Restauració i millora forestal : |b treballs forestals per a la prevenció d'incendis forestals i la recuperació del bosc |
| 260 | |a Barcelona : |b Diputació de Barcelona, |c juny de 2017 | ||
| 300 | |a 27 pàgines : |b il·lustracions ; |c 21 cm | ||
| 650 | 0 | |9 53070 |a Repoblació forestal |z Barcelona (Catalunya : Província) | |
| 650 | 0 | |a Incendis forestals |x Prevenció i control |9 50256 | |
| 710 | |a Barcelona (Catalunya : Província). |b Oficina Tècnica de Prevenció Municipal d'Incendis Forestals |9 9456 | ||
| 942 | |2 udc |c ARXIU |n 1 | ||
| 952 | |0 0 |1 0 |4 0 |6 FU6961 |7 1 |9 61998 |a Arxiu |b Arxiu |d 2022-05-24 |l 0 |o FU-69-61 |p 25614 |r 2022-05-24 00:00:00 |w 2022-05-24 |y ARXIU | ||
| 999 | |c 81717 |d 81717 | ||